| 000 | 00717nam a22002057a 4500 | ||
|---|---|---|---|
| 999 |
_c5154 _d5154 |
||
| 003 | AR-CdUCM | ||
| 008 | 190312b ||||| |||| 00| 0 spa d | ||
| 040 |
_aMUNICIPALIDAD PROVINCIAL DEL CUSCO _cBIBLIOTECA MUNICIPAL DEL CUSCO |
||
| 082 |
_a196.8 / _bAL321 |
||
| 100 |
_aAlarco, Eugenio _912314 |
||
| 245 |
_aReflexiones desde el Tercer Mundo : _b1 Pulpos y hombres / |
||
| 260 |
_aLima : _bUniverso, _c1979. |
||
| 300 |
_a187 páginas ; _bIlustraciones, _c20 cm. |
||
| 505 | _aContenido: De la naturaleza de los pulpos -- Del vasto dominio de los pulpos -- La destrucción de los pulpos. | ||
| 650 |
_aEnsayos peruanos _9233 |
||
| 650 |
_aSiglo XX _98 |
||
| 650 |
_aPeru _9429 |
||
| 942 |
_2ddc _cLIBROS |
||
| 945 | _acmm | ||